00365nam a22001337a 450000500170000000800410001704100120005808200120007010000120008224500310009426000520012530000290017765000250020620240805093844.0240805b |||||||| |||| 00| 0 eng d aEnglish a349 SOU lEnglish aSouth African Law Reports  aJohannesburg: bDigma Publications, c1915-1916 bxi, 276 pages; c25 cm.  aLegal practice bLaw